کیتاب ال کوللیات / (Record no. 169883)
[ view plain ]
| 000 -LEADER | |
|---|---|
| fixed length control field | 00655nam a22001817a 4500 |
| 005 - DATE AND TIME OF LATEST TRANSACTION | |
| control field | 20191213164110.0 |
| 010 ## - LCCN (DPL NO) | |
| LC control number | A-842582 |
| 035 ## - SYSTEM CONTROL NUMBER | |
| System control number | A-842582 |
| 037 ## - SOURCE OF ACQUISITION | |
| Source of stock number/acquisition | BPPD/Pub. |
| 082 ## - DEWEY DECIMAL CLASSIFICATION NUMBER | |
| Classification number | 615.54 |
| 100 ## - MAIN ENTRY--PERSONAL NAME | |
| Personal name | ابوالولید محمد ابن رشد |
| 245 ## - TITLE STATEMENT | |
| Title | کیتاب ال کوللیات / |
| Statement of responsibility, etc | ابوالولید محمد ابن رشد |
| 246 ## - VARYING FORM OF TITLE | |
| Title proper/short title | Kitab Al -Kulliyat(Urdu) |
| Remainder of title | by Abul Waleed Mohammad Ibn Rashd |
| 260 ## - PUBLICATION, DISTRIBUTION, ETC. (IMPRINT) | |
| Date of publication, distribution, etc | 1986 ء |
| Place of publication, distribution, etc | New Delhi |
| Name of publisher, distributor, etc | Central Council For Research and Unani Medicine |
| 270 ## - ADDRESS | |
| Address | 5, Panchsheel Shopping Center |
| City | New Delhi |
| Postal code | 110017 |
| 300 ## - PHYSICAL DESCRIPTION | |
| Extent | 456p. |
| Dimensions | 22cm(Hb) |
| 942 ## - ADDED ENTRY ELEMENTS (KOHA) | |
| Source of classification or shelving scheme | Dewey Decimal Classification |
| Item type | Urdu Bks |
| Classification part | 615.54 |
| Call number suffix | ا ب و |
| Withdrawn status | Lost status | Not for loan | Collection code | Home library | Current library | Date acquired | Source of acquisition | Full call number | Barcode | Copy number | Koha item type |
|---|---|---|---|---|---|---|---|---|---|---|---|
| Non-fiction | Central Library | Central Library | 06/12/2019 | BPPD/Ven. | 615.54 ا ب و | A-842582 | 1 | Urdu Bks |
